[Event "Graz op A"]
[Site "Graz"]
[Date "2001.09.04"]
[Round "4.22"]
[White "Spiesberger, Gerhard"]
[Black "Wegerer, Fred"]
[Result "1-0"]
[WhiteElo "2042"]
[BlackElo "2230"]
[PlyCount "103"]


1. Nf3 Nf6 2. g3 b5 3. Bg2 Bb7 4. b3 e6 5. Bb2 Be7 6. O-O O-O 7. c4 a6 8. Qc2
Nc6 9. a3 Rb8 10. d4 bxc4 11. bxc4 Na5 12. Nbd2 Bxf3 13. Bxf3 c6 14. Bc3 Nb7
15. e4 d5 16. Qa4 c5 17. cxd5 exd5 18. e5 Nd7 19. Qxa6 cxd4 20. Bxd4 Nbc5 21.
Qc6 Qa5 22. Bxc5 Nxc5 23. Qxd5 23... Rfd8 { } 24. Nc4 Qa6 25. Nd6 Bxd6 26. exd6
Qxd6 27. Qxd6 Rxd6 28. a4 Ra6 29. a5 Kf8 30. Be2 Ra7 31. a6 Rb2 32. Rfe1 g6 33.
Ra5 Ne6 34. Bc4 Nd4 35. Rd1 Nc6 36. Rb5 Rc2 37. Bd3 Rc3 38. Rb7 Ra8 39. Bb5 Ne5
40. Rd5 Ng4 41. a7 Kg7 42. Rdd7 Ne5 43. Re7 Kf6 44. f4 Nf3+ 45. Kg2 Nd4 46.
Rxf7+ Ke6 47. Rxh7 Ra3 48. Bc4+ Kd6 49. Rhd7+ Kc5 50. Rbc7+ Kb6 51. Bd5 Nb5 52.
Rb7+ 1-0

[Event "Graz op A"]
[Site "Graz"]
[Date "2001.09.04"]
[Round "4.23"]
[White "Aschenbrenner, Robert"]
[Black "Hatzl, Stefan"]
[Result "1-0"]
[WhiteElo "2221"]
[BlackElo "2119"]
[PlyCount "77"]


1. e4 c5 2. c3 d5 3. exd5 Qxd5 4. d4 cxd4 5. cxd4 Nc6 6. Nf3 e5 7. Nc3 Bb4 8.
Bd2 Bxc3 9. Bxc3 e4 10. Nd2 Nf6 11. Nc4 O-O 12. Ne3 Qd6 13. d5 Ne5 14. Qd4 Re8
15. Be2 Bd7 16. O-O Qb6 17. Qxb6 axb6 18. Bxe5 Rxe5 19. Nc4 Rg5 20. h4 Rg6 21.
Nxb6 Rd8 22. Nxd7 Rxd7 23. Rfd1 Kf8 24. Rd4 24... Rxd5 { } 25. Rad1 Rc5 26. Rb4
Rc2 27. Kf1 Rc7 28. f4 Rh6 29. g3 Rg6 30. Kf2 Ng4+ 31. Bxg4 Rxg4 32. Rxe4 Rc2+
33. Kf3 f5 34. Re5 Rg6 35. Rxf5+ Ke7 36. Re5+ Re6 37. Rde1 Rxe5 38. Rxe5+ Kd6
39. Rb5 1-0

[Event "Graz op A"]
[Site "Graz"]
[Date "2001.09.04"]
[Round "4.26"]
[White "Wagner, Stephan"]
[Black "Deutsch, Ludwig"]
[Result "1/2-1/2"]
[WhiteElo "2100"]
[BlackElo "2266"]
[PlyCount "85"]


1. c4 Nf6 2. Nc3 c6 3. e4 d6 4. g3 e5 5. Bg2 Be7 6. d3 Na6 7. Nge2 Bd7 8. f4 h5
9. O-O h4 10. d4 hxg3 11. hxg3 Bg4 12. Be3 Qc7 13. Qd2 Bd7 14. a3 Ng4 15. b4
Nxe3 16. Qxe3 Bf6 17. fxe5 dxe5 18. d5 c5 19. b5 19... Nb8 { } 20. d6 Qxd6 21.
Rad1 Qf8 22. Nd5 Bd8 23. Rd3 Be6 24. Rfd1 Nd7 25. Qd2 Nb6 26. Nxb6 Bxb6 27. Rd7
g5 28. Rxb7 Rd8 29. Qc1 Qh6 30. Nc3 Rd4 31. Rxd4 exd4 32. Nd5 Bxd5 33. exd5 O-O
34. Re7 Qf6 35. Re4 Bd8 36. Qf1 Qd6 37. Qd3 Kg7 38. Qf3 Bf6 39. Bf1 Rh8 40. Bd3
Be5 41. Qf5 Bf6 42. Kg2 Bd8 43. Qe5+ 1/2-1/2

[Event "Graz op A"]
[Site "Graz"]
[Date "2001.09.04"]
[Round "4.27"]
[White "Schrey, Stefan"]
[Black "Karner, Christoph"]
[Result "1/2-1/2"]
[WhiteElo "2096"]
[BlackElo "2240"]
[PlyCount "158"]


1. d4 Nf6 2. Nf3 g6 3. e3 Bg7 4. Be2 O-O 5. O-O d6 6. Nbd2 Nbd7 7. Nc4 b6 8. b4
Bb7 9. Bb2 Re8 10. a4 Nd5 11. b5 e5 12. a5 e4 13. Nfd2 f5 14. Ra3 N7f6 15. Re1
Qd7 16. Qa1 f4 17. a6 Bc8 18. exf4 Nxf4 19. Bf1 Qf5 20. Ne3 Qg5 21. Kh1 Bd7 22.
c4 Re7 23. d5 Rae8 24. Nb3 Nd3 25. Bxd3 exd3 26. Rf1 Ne4 27. Bxg7 Rxg7 28. f4
Qh5 29. Rf3 Rge7 30. Qg1 d2 31. Ra1 Bg4 32. Nxg4 Qxg4 33. h3 Qh4 34. Kh2 Qf6
35. Qd4 Qxd4 36. Nxd4 { } 36... Nc3 37. Rxc3 Re1 38. Rd3 Rxa1 39. Rxd2 Rc1 40.
Nc6 Ra8 41. Rd4 Kf7 42. Re4 Re8 43. Rd4 Re2 44. Nxa7 Rcc2 45. Kg3 Rxg2+ 46. Kf3
Rcf2+ 47. Ke3 Ra2 48. Kf3 Rh2 49. Kg3 Rhc2 50. Rd3 Rxc4 51. Nc6 Rc5 52. Na7 Kf6
53. Kf3 Ra4 54. Kg3 Kf5 55. h4 Ke4 56. Rd1 Rxd5 57. Re1+ Kf5 58. Re3 Rc5 59.
Rb3 Rc2 60. Nc8 Rca2 61. Ne7+ Ke4 62. Kg4 d5 63. f5 gxf5+ 64. Nxf5 Ke5+ 65. Kg5
Rg2+ 66. Ng3 d4 67. h5 Kd5 68. Kh6 Kc4 69. Rf3 d3 70. Rf4+ Kxb5 71. Rxa4 d2 72.
Ra1 Rxg3 73. a7 Rg8 74. Kxh7 Ra8 75. Rd1 Rxa7 76. Rxd2 c5+ 77. Kg6 c4 78. h6 c3
79. Rd8 79... Rc7 {Rest nicht mitgeschrieben} 1/2-1/2

[Event "Graz op A"]
[Site "Graz"]
[Date "2001.09.04"]
[Round "4.28"]
[White "Valent, Peter"]
[Black "Hansen, Kay"]
[Result "0-1"]
[WhiteElo "2058"]
[BlackElo "2236"]
[PlyCount "23"]


1. d4 d5 2. Nf3 c6 3. Bf4 Bf5 4. Nbd2 e6 5. e3 Nf6 6. c4 h6 7. Qb3 Qb6 8. cxd5
exd5 9. Be2 Nbd7 10. O-O g5 11. Be5 Nxe5 12. Qxb6 { } 0-1

[Event "Graz op A"]
[Site "Graz"]
[Date "2001.09.04"]
[Round "4.29"]
[White "Nickl, Klaus"]
[Black "Huber, Adolf"]
[Result "0-1"]
[WhiteElo "2233"]
[BlackElo "2050"]
[PlyCount "148"]


1. d4 e6 2. Nf3 c5 3. e3 Nf6 4. Bd3 d5 5. c3 Bd6 6. Nbd2 O-O 7. O-O Nbd7 8. Qe2
e5 9. dxe5 Bxe5 10. Nxe5 Nxe5 11. Bc2 Re8 12. h3 d4 13. cxd4 cxd4 14. exd4 Qxd4
15. Nf3 Nxf3+ 16. Qxf3 Be6 17. Rd1 Qc5 18. Bb3 Qb5 19. Bxe6 Rxe6 20. b3 Rae8
21. Be3 h6 22. Rac1 Ne4 23. Rd4 Rf6 24. Qd1 Ng3 25. Rd2 Nf5 26. Bc5 b6 27. a4
Qa6 28. Rd8 Rxd8 29. Qxd8+ Kh7 30. Bb4 Qe2 31. Qd1 Qe6 32. Qd3 Rg6 33. Qc4 Qf6
34. Qf4 Nd4 35. Qxf6 Rxf6 36. Rc7 Kg6 37. Be7 Re6 38. Rxa7 { } 38... Nc6 39.
Ra6 Nxe7 40. b4 Nd5 41. b5 Nb4 42. Ra7 Nd3 43. a5 bxa5 44. Rxa5 Re1+ 45. Kh2
Nxf2 46. Ra2 Ne4 47. Rb2 Nd6 48. b6 Nb7 49. Kg3 Re6 50. Kf4 Kf6 51. h4 g5+ 52.
hxg5+ hxg5+ 53. Kf3 Kg6 54. g4 Kf6 55. Rb5 Rc6 56. Rb4 Re6 57. Rb5 Kg6 58. Kf2
f6 59. Kf3 Kf7 60. Rb1 Ke7 61. Rh1 Rxb6 62. Ke4 Rb4+ 63. Kd5 Nd6 64. Re1+ Kd7
65. Rf1 Rb5+ 66. Kd4 Ke7 67. Re1+ Kf7 68. Rg1 Kg6 69. Rg2 Nf7 70. Kc4 Ra5 71.
Kb4 Re5 72. Kc4 Nh6 73. Kd4 Ra5 74. Ke4 Nxg4 0-1

[Event "Graz op A"]
[Site "Graz"]
[Date "2001.09.04"]
[Round "4.30"]
[White "Kainz, Josef"]
[Black "Ferrari, Josef"]
[Result "0-1"]
[WhiteElo "2044"]
[BlackElo "2141"]
[PlyCount "89"]


1. d4 d5 2. Nf3 Nf6 3. e3 Bf5 4. Nh4 Bd7 5. Bd3 g6 6. c4 Bg7 7. Nc3 c6 8. O-O
O-O 9. e4 dxe4 10. Bxe4 e5 11. Bg5 exd4 12. Ne2 h6 13. Bxf6 Bxf6 14. Nf3 Qe7
15. Qd3 Na6 16. Qb1 Nc5 { } 17. Bxg6 17... fxg6 18. Qxg6+ Qg7 19. Qxg7+ Bxg7
20. Nfxd4 Rad8 21. Rad1 Bc8 22. h3 Ne6 23. Nxe6 Bxe6 24. b3 Bf5 25. Rfe1 Bc2
26. Rxd8 Rxd8 27. Nf4 Rd1 28. Rxd1 Bxd1 29. Ne6 Bf6 30. Nc5 b6 31. Nd7 Kf7 32.
Nxf6 Kxf6 33. Kf1 Ke5 34. Ke1 Bh5 35. Kd2 Kd4 36. g4 Bf7 37. h4 Ke4 38. Ke2 Kf4
39. f3 a5 40. a3 a4 41. b4 Bxc4+ 42. Kf2 Bd5 43. g5 hxg5 44. h5 Bxf3 45. h6 0-1

[Event "Graz op A"]
[Site "Graz"]
[Date "2001.09.04"]
[Round "4.35"]
[White "Senoner, Erich Jun"]
[Black "Rodriguez, Jean-Pierre"]
[Result "1-0"]
[WhiteElo "2128"]
[BlackElo "2055"]
[PlyCount "85"]


1. e4 Nf6 2. e5 Nd5 3. Bc4 c6 4. Nf3 d6 5. d4 g6 6. O-O Bg7 7. Re1 O-O 8. h3
Qc7 9. Bxd5 cxd5 10. Nc3 Be6 11. Bf4 dxe5 12. Nxe5 Qb6 13. Na4 Qd8 14. Nc5 Bc8
15. Qd2 b6 16. Ncd3 Bb7 17. Bh6 Nd7 18. Bxg7 Kxg7 19. Nxd7 Qxd7 20. Ne5 Qc7 21.
Ng4 h5 22. Qh6+ Kg8 23. Ne5 Qd6 24. Re3 Bc8 25. Rg3 Bf5 26. c3 Qf6 27. Qxh5 Kg7
28. Qf3 Rad8 29. Re1 Rh8 { } 30. Nc6 30... Qxc6 31. Qxf5 Qd6 32. Qg5 Rd7 33.
Ree3 b5 34. f4 Rh6 35. f5 Kh7 36. fxg6+ fxg6 37. Rgf3 Kg7 38. Rf7+ Kxf7 39.
Qxh6 Rd8 40. Qh7+ Ke8 41. Re5 Kd7 42. Qf7 Kc8 43. Qxe7 1-0

[Event "Graz op A"]
[Site "Graz"]
[Date "2001.09.05"]
[Round "5.1"]
[White "Galdunts, Sergey"]
[Black "Burmakin, Vladimir"]
[Result "0-1"]
[WhiteElo "2514"]
[BlackElo "2593"]
[PlyCount "50"]


1. e4 c6 2. d4 d5 3. exd5 cxd5 4. c4 Nf6 5. Nc3 g6 6. Qb3 Bg7 7. cxd5 O-O 8.
Be2 Na6 9. Bf3 Qb6 10. Qxb6 axb6 11. Nge2 Nb4 12. O-O Rd8 13. Bf4 Rd7 14. Rfd1
Nfxd5 15. Be5 Nxc3 16. bxc3 Bxe5 17. dxe5 Nd3 18. Bg4 e6 19. f4 { } 19... Ra4
20. Bf3 Nxf4 21. Ng3 Kg7 22. Ne4 Rd3 23. Rxd3 Nxd3 24. Nd6 Bd7 25. Bd1 Ra7 0-1

[Event "Graz op A"]
[Site "Graz"]
[Date "2001.09.05"]
[Round "5.2"]
[White "Epishin, Vladimir"]
[Black "Teske, Henrik"]
[Result "1/2-1/2"]
[WhiteElo "2583"]
[BlackElo "2486"]
[PlyCount "34"]


1. d4 d5 2. c4 c6 3. Nc3 dxc4 4. e4 b5 5. a4 b4 6. Na2 Nf6 7. e5 Nd5 8. Bxc4 e6
9. Nh3 Ba6 10. Bg5 { } 10... Be7 11. Bxe7 Nxe7 12. Bxa6 Nxa6 13. O-O O-O 14.
Qd3 Nc5 15. Qc4 Nxa4 16. Qxb4 Nb6 17. Rfd1 Nbd5 1/2-1/2

[Event "Graz op A"]
[Site "Graz"]
[Date "2001.09.05"]
[Round "5.3"]
[White "Eingorn, Vereslav"]
[Black "Krivoshey, Sergei"]
[Result "1/2-1/2"]
[WhiteElo "2598"]
[BlackElo "2449"]
[PlyCount "65"]


1. Nf3 d5 2. d4 Nf6 3. c4 c6 4. Nc3 a6 5. h3 e6 6. cxd5 exd5 7. Bf4 Bd6 8. Bxd6
Qxd6 9. Qc2 g6 10. Qb3 O-O 11. e3 Bf5 12. Be2 Nbd7 13. O-O Ne4 14. Rfc1 Rab8
15. Nxe4 Bxe4 16. Nd2 Nf6 17. Qa3 Qxa3 18. bxa3 g5 19. a4 Rbe8 20. Rc3 Re7 21.
a5 Ne8 22. Nb3 Nd6 23. Nc5 Bg6 24. g4 { } 24... f5 25. gxf5 Bxf5 26. Bf1 Ne4
27. Nxe4 Rxe4 28. Bd3 Re7 29. Bxf5 Rxf5 30. Rb1 Kg7 31. Rcb3 Rff7 32. Kg2 Kg6
33. a4 1/2-1/2

[Event "Graz op A"]
[Site "Graz"]
[Date "2001.09.05"]
[Round "5.4"]
[White "Pavasovic, Dusko"]
[Black "Tratar, Marko"]
[Result "1-0"]
[WhiteElo "2539"]
[BlackElo "2416"]
[PlyCount "69"]


1. e4 c5 2. c3 Nf6 3. e5 Nd5 4. Nf3 Nc6 5. d4 cxd4 6. cxd4 d6 7. Bc4 Nb6 8. Bb3
dxe5 9. d5 Na5 10. Nc3 Nxb3 11. Qxb3 e6 12. Nxe5 exd5 13. Be3 Bd6 14. Qb5+ Kf8
15. Nf3 Be6 16. O-O h6 17. Rfd1 Kg8 18. a4 Kh7 19. a5 Nc8 20. Nxd5 Qd7 21. Qd3+
Bf5 22. Qc4 Qe6 23. Nd4 Qg6 24. Nxf5 Qxf5 25. Nc7 Rb8 26. Rd5 Qg6 27. Rad1 a6
28. h4 Rd8 29. h5 Qf6 30. Qe4+ Kg8 31. Ne8 { } 31... Qe6 32. Nxd6 Rxd6 33. Qxe6
Rxe6 34. Rd8+ Kh7 35. Rf8 1-0

[Event "Graz op A"]
[Site "Graz"]
[Date "2001.09.05"]
[Round "5.5"]
[White "Okhotnik, Vladimir"]
[Black "Zelcic, Robert"]
[Result "0-1"]
[WhiteElo "2446"]
[BlackElo "2534"]
[PlyCount "96"]


1. e4 c6 2. Nc3 d5 3. d4 dxe4 4. Nxe4 Bf5 5. Ng3 Bg6 6. Bc4 e6 7. N1e2 Bd6 8.
Nf4 Qc7 9. Nxg6 hxg6 10. O-O Nf6 11. Qf3 Nbd7 12. Bg5 Qa5 13. Bf4 Bxf4 14. Qxf4
Qb4 15. Bb3 { } 15... e5 16. Rfe1 O-O 17. Qg5 exd4 18. a3 Qb6 19. Ne2 Nc5 20.
Nxd4 Rad8 21. Rad1 Rxd4 22. Rxd4 Nxb3 23. Rb4 Qc5 24. h4 Qxc2 25. Qe3 Re8 26.
Qxe8+ Nxe8 27. Rxe8+ Kh7 28. Rxb7 g5 29. hxg5 Qc1+ 30. Kh2 Qf4+ 31. Kg1 Nc5 32.
Rxa7 Nd3 33. Re2 Qg4 34. Ree7 Nf4 35. g3 Qd1+ 36. Kh2 Qh5+ 37. Kg1 Nh3+ 38. Kg2
Nxg5 39. Re3 Qh3+ 40. Kg1 Qf5 41. Re2 Nf3+ 42. Kg2 Qd5 43. Ree7 Nh4+ 44. Kh3
Nf5 45. Rxf7 Qh1+ 46. Kg4 Nh6+ 47. Kf4 Qc1+ 48. Ke5 Qc5+ 0-1

[Event "Graz op A"]
[Site "Graz"]
[Date "2001.09.05"]
[Round "5.6"]
[White "Stanec, Nikolaus"]
[Black "Havlicek, Josef"]
[Result "1-0"]
[WhiteElo "2530"]
[BlackElo "2144"]
[PlyCount "89"]


1. d4 d5 2. c4 e6 3. Nf3 Nf6 4. Nc3 Nbd7 5. cxd5 exd5 6. Bg5 Be7 7. e3 c6 8.
Bd3 O-O 9. Qc2 h6 10. Bh4 Re8 11. O-O b6 12. Bg3 Bb7 13. h3 Rc8 14. Rad1 Nf8
15. Rfe1 Bd6 16. Ne5 c5 17. Bf5 Ne6 18. Qd2 a6 19. a3 Qc7 20. Bb1 Nh5 21. Bh2
Nf6 22. Qd3 Nf8 23. Qf5 Rcd8 24. Bg3 Re6 25. Ba2 c4 26. Bb1 Bc8 27. Qc2 b5 28.
f4 Bb7 29. Bh4 Be7 30. Qf2 Rb6 31. Ne2 a5 32. Rc1 Re8 33. Ng3 Bc8 34. Qf3 Qb7
35. Bf5 Be6 36. Bxe6 fxe6 37. f5 b4 38. fxe6 g5 39. Nh5 Rxe6 40. Bg3 Bd8 41.
axb4 axb4 42. Rf1 Ne4 43. Qg4 Bc7 44. Rf7 R8e7 45. Rcf1 { } 1-0

[Event "Graz op A"]
[Site "Graz"]
[Date "2001.09.05"]
[Round "5.7"]
[White "Farago, Ivan"]
[Black "Vodep, Otto"]
[Result "1-0"]
[WhiteElo "2504"]
[BlackElo "2121"]
[PlyCount "123"]


1. d4 d6 2. Nf3 Bg4 3. e4 e6 4. h3 Bh5 5. Nc3 d5 6. exd5 exd5 7. Qe2+ Ne7 8. g4
Bg6 9. h4 f6 10. h5 Bf7 11. Qb5+ Nbc6 12. Qxb7 Rb8 13. Qa6 Be6 14. Bh3 Qd7 15.
Rg1 Nc8 16. Qe2 Be7 17. Na4 O-O 18. Be3 Nb6 19. Nxb6 Rxb6 20. c3 Rfb8 21. b3
Nd8 22. Kf1 Nf7 23. Re1 Re8 24. Bf4 Bd6 25. Qd2 Rbb8 26. Rg3 Re7 27. Kg2 Rbe8
28. Kh2 Kh8 29. Reg1 Ng5 30. Nxg5 fxg5 31. Bxd6 Qxd6 32. Qxg5 Rf7 33. Qd2 Ref8
34. R1g2 Rf4 35. Kg1 { } 35... Rxf2 36. Qxf2 Rxf2 37. Kxf2 c5 38. Kg1 cxd4 39.
cxd4 Qf4 40. Rd3 Qe4 41. Rgg3 Qe1+ 42. Bf1 Bg8 43. g5 g6 44. h6 Qe4 45. Bg2 Qh4
46. Bh3 Qf4 47. b4 Bf7 48. a3 Kg8 49. b5 Qc1+ 50. Bf1 Be6 51. Rc3 Qf4 52. Rce3
Bf5 53. Bh3 Bxh3 54. Rxh3 Qxg5+ 55. Kf2 Qf4+ 56. Ke2 Qxd4 57. Rhf3 Qb2+ 58. Ke1
Qxb5 59. Rb3 Qe8+ 60. Kd1 Qe5 61. Rb7 Qh2 62. Rg7+ 1-0

[Event "Graz op A"]
[Site "Graz"]
[Date "2001.09.05"]
[Round "5.8"]
[White "Bogdanov, Valentin"]
[Black "Polak, Tomas"]
[Result "1/2-1/2"]
[WhiteElo "2384"]
[BlackElo "2481"]
[PlyCount "26"]


1. d4 Nf6 2. Nf3 e6 3. c4 b6 4. Nc3 Bb4 5. Bg5 Bb7 6. e3 h6 7. Bh4 Bxc3+ 8.
bxc3 d6 9. Nd2 Qe7 10. f3 Nbd7 11. e4 g5 12. Bf2 Nf8 13. a4 Ng6 1/2-1/2

[Event "Graz op A"]
[Site "Graz"]
[Date "2001.09.05"]
[Round "5.9"]
[White "Halser, Walter"]
[Black "Konopka, Michal"]
[Result "0-1"]
[WhiteElo "2119"]
[BlackElo "2479"]
[PlyCount "82"]


1. e4 Nf6 2. e5 Nd5 3. c4 Nb6 4. c5 Nd5 5. Bc4 e6 6. Nc3 c6 7. d4 b6 8. cxb6
axb6 9. Nf3 Be7 10. O-O Ba6 11. Bxa6 Nxa6 12. Nd2 O-O 13. Nde4 Nac7 14. Qd3 f5
15. exf6 Bxf6 16. Be3 Qe8 17. a3 Be7 18. Rad1 Qh5 19. Bc1 Rf7 20. Qc2 Qg6 21.
Rd3 Rf5 22. Rg3 Qf7 23. Rh3 Nxc3 24. bxc3 h6 25. c4 Qf8 26. Rg3 Kh8 27. a4 Ne8
28. Rb3 Bd8 29. c5 bxc5 30. Nxc5 Nf6 31. Rb7 Rd5 32. Be3 Be7 33. Nd3 Bd6 34. h3
Qe8 35. Nb2 e5 36. dxe5 Qxe5 37. g3 Qe6 38. Kg2 Rh5 39. Rh1 { } 39... Bxg3 40.
Bxh6 Qd5+ 41. f3 gxh6 0-1

[Event "Graz op A"]
[Site "Graz"]
[Date "2001.09.05"]
[Round "5.10"]
[White "Kainrath, Florian"]
[Black "Babula, Vlastimil"]
[Result "0-1"]
[WhiteElo "2128"]
[BlackElo "2566"]
[PlyCount "78"]


1. e4 c5 2. d4 cxd4 3. c3 dxc3 4. Nxc3 Nc6 5. Nf3 e6 6. Bc4 a6 7. Qe2 Nge7 8.
Bg5 f6 9. Be3 Ng6 10. Bb3 b5 11. O-O Na5 12. Nd4 Nxb3 13. Nxb3 Be7 14. Qh5 Qc7
15. f4 b4 16. Na4 Qc6 17. Nac5 d6 18. f5 dxc5 19. fxg6 Qxe4 20. gxh7+ g6 21.
Qh3 e5 22. Qg3 c4 23. Nc5 Qg4 24. Qe1 Rxh7 25. Qxb4 Qh4 26. Qa4+ Kf7 27. Qc6
Qxh2+ 28. Kf2 Qh4+ 29. Kg1 Rb8 30. b3 Qh2+ 31. Kf2 Qh4+ 32. Kg1 Bf5 33. Qd5+
Kg7 34. Ne6+ Kh8 35. Ng5 Qh2+ 36. Kf2 fxg5 37. Rh1 { } 37... Rf8 38. Ke2 Bg4+
39. Kd2 Bb4+ 0-1

[Event "Graz op A"]
[Site "Graz"]
[Date "2001.09.05"]
[Round "5.11"]
[White "Rogulj, Branko"]
[Black "Aschenbrenner, Robert"]
[Result "0-1"]
[WhiteElo "2460"]
[BlackElo "2221"]
[PlyCount "118"]


1. e4 c5 2. Nc3 Nc6 3. g3 g6 4. Bg2 Bg7 5. d3 d6 6. f4 e6 7. Nf3 Nge7 8. O-O
O-O 9. Be3 Nd4 10. e5 Bd7 11. Ne4 Nef5 12. Bf2 Nxf3+ 13. Qxf3 Bc6 14. c3 Rc8
15. d4 cxd4 16. cxd4 Bxe4 17. Qxe4 d5 18. Qd3 Qb6 19. g4 Ne7 20. b3 Rc7 21.
Rac1 Rfc8 22. Rc5 Bf8 23. a3 Nc6 24. b4 a5 25. Rb1 axb4 26. axb4 Nxb4 27. Qd2
Rxc5 28. dxc5 Bxc5 29. Bf1 Bxf2+ 30. Qxf2 Qxf2+ 31. Kxf2 Na6 32. Rxb7 Nc5 33.
Rb2 Ne4+ 34. Ke2 Rc4 35. g5 Kg7 36. Bg2 Nc5 37. Ke3 { } 37... Rxf4 38. Rc2 Rc4
39. Rxc4 dxc4 40. Kd4 Nd7 41. Bc6 c3 42. Ba4 Kf8 43. Bd1 Ke7 44. Ba4 Kd8 45.
Bd1 Kc7 46. Kxc3 Nxe5 47. Kd4 Kd6 48. Ke4 Nd7 49. h4 Ke7 50. Kf4 f5 51. gxf6+
Kxf6 52. Be2 e5+ 53. Kg4 Nc5 54. h5 g5 55. Bc4 h6 56. Bb5 e4 57. Bf1 Ke5 58.
Be2 Nd7 59. Kg3 Nf6 0-1

[Event "Graz op A"]
[Site "Graz"]
[Date "2001.09.05"]
[Round "5.12"]
[White "Niklasch, Oliver"]
[Black "Hoellrigl, Wilfried"]
[Result "1/2-1/2"]
[WhiteElo "2349"]
[BlackElo "2196"]
[PlyCount "123"]


1. d4 Nf6 2. c4 g6 3. g3 Bg7 4. Bg2 d6 5. Nf3 O-O 6. Nc3 Nbd7 7. O-O e5 8. e4
c6 9. h3 Re8 10. Re1 Qb6 11. Na4 Qc7 12. b3 b5 13. Nb2 Rb8 14. Qc2 exd4 15.
Nxd4 bxc4 16. Qxc4 Ne5 17. Qc2 Qb6 18. Be3 c5 19. Ne2 Bb7 20. Nc3 a6 21. Rad1
Rbd8 22. Rd2 Qc7 23. Red1 Qb8 24. f4 Nc6 25. Nc4 Nb4 26. Qb1 Nh5 27. Ne2 Bf8
28. a3 Nc6 29. Bf2 Nf6 30. Qc2 Qa8 31. Nxd6 { } 31... Nd4 32. Rxd4 cxd4 33.
Nxe8 Rxe8 34. Nxd4 Nxe4 35. Be1 Bg7 36. Kh2 h5 37. Nf3 Rc8 38. Qd3 Nc5 39. Qe3
Re8 40. Qf2 Ne4 41. Qf1 Rc8 42. Ba5 Bf6 43. Rc1 Rxc1 44. Qxc1 Nd6 45. Qe3 Qc8
46. Bb4 Nf5 47. Qc5 Qa8 48. Qf2 Qd8 49. Qd2 Qb6 50. Qe2 Ne3 51. Bh1 Kg7 52. Ne5
Bxh1 53. Kxh1 Bxe5 54. fxe5 Qc6+ 55. Kh2 Nf5 56. Qd3 h4 57. gxh4 Qc1 58. Qd2
Qf1 59. Bc5 Qf3 60. Qf2 Qxb3 61. h5 Qd5 62. hxg6 1/2-1/2

[Event "Graz op A"]
[Site "Graz"]
[Date "2001.09.05"]
[Round "5.13"]
[White "Fauland, Peter"]
[Black "Spiesberger, Gerhard"]
[Result "0-1"]
[WhiteElo "2270"]
[BlackElo "2042"]
[PlyCount "67"]


1. c4 e6 2. d4 Bb4+ 3. Bd2 Qe7 4. a3 Bxd2+ 5. Qxd2 f5 6. g3 Nf6 7. Nc3 d5 8.
cxd5 exd5 9. Bg2 c6 10. Nh3 Ne4 11. Qc2 O-O 12. O-O Nd7 13. Nf4 Ndf6 14. Nd3
Qf7 15. b4 Qh5 16. Bf3 Qh3 17. Ne5 Nxc3 18. Qxc3 Ne4 19. Bxe4 fxe4 20. f4 Rf6
21. Rac1 Bg4 22. Rf2 { } 22... g5 23. Qe3 Raf8 24. Rcf1 gxf4 25. Rxf4 Qxf1+ 26.
Rxf1 Rxf1+ 27. Kg2 R8f2+ 28. Qxf2 Bh3+ 29. Kxh3 Rxf2 30. e3 Ra2 31. Kg4 Rxa3
32. Kf4 Rb3 33. g4 Rxb4 34. h4 0-1

[Event "Graz op A"]
[Site "Graz"]
[Date "2001.09.05"]
[Round "5.14"]
[White "Zimmermann, Paul"]
[Black "Zoister, Stefan"]
[Result "1/2-1/2"]
[WhiteElo "2241"]
[BlackElo "2147"]
[PlyCount "130"]


1. d4 Nf6 2. c4 e6 3. Nf3 b6 4. g3 Ba6 5. Qc2 c5 6. Bg2 Bb7 7. O-O cxd4 8. Nxd4
Bxg2 9. Kxg2 Bc5 10. Rd1 Qc7 11. Kg1 a6 12. Bg5 Qe5 13. Nf3 Qe4 14. Qxe4 Nxe4
15. Rf1 Nxg5 16. Nxg5 f5 17. Nc3 Nc6 18. e3 Ne5 19. b3 h6 20. Nh3 g5 21. Kg2
Ke7 22. Na4 Rhc8 { } 23. b4 23... Bxe3 24. fxe3 Nxc4 25. Rfe1 b5 26. Nc5 a5 27.
Nd3 axb4 28. Nxb4 d5 29. Nf2 Ra3 30. Nfd3 Kd6 31. Re2 Rca8 32. Kf2 R8a4 33. Rb1
e5 34. Nc1 Ra8 35. Nbd3 e4 36. Ne1 Rc3 37. Nb3 Ke5 38. Ng2 b4 39. Nd4 Rca3 40.
Nc6+ Kd6 41. Nxb4 Rb8 42. Ne1 f4 43. Nec2 fxe3+ 44. Rxe3 Rxa2 45. Nxa2 Rxb1 46.
Re2 Ke5 47. Nab4 Kd6 48. Na2 Kc5 49. Ne3 Nxe3 50. Kxe3 Rb3+ 51. Kd2 e3+ 52. Kc2
Kc4 53. Nc1 Rc3+ 54. Kd1 d4 55. g4 Kd5 56. Rc2 Rxc2 57. Kxc2 Ke4 58. h3 Kf3 59.
Kd3 Kg3 60. Kxd4 Kxh3 61. Kxe3 Kxg4 62. Ne2 Kh3 63. Kf2 h5 64. Ng1+ Kg4 65. Nf3
Kf4 1/2-1/2

[Event "Graz op A"]
[Site "Graz"]
[Date "2001.09.05"]
[Round "5.15"]
[White "Kupreichik, Viktor D"]
[Black "Bachmayer, Josef"]
[Result "1/2-1/2"]
[WhiteElo "2443"]
[BlackElo "2170"]
[PlyCount "118"]


1. e4 e5 2. Nf3 Nf6 3. Nxe5 d6 4. Nf3 Nxe4 5. c4 Bg4 6. h3 Bh5 7. Nc3 Nxc3 8.
dxc3 Nc6 9. Be2 Be7 10. Qd5 Bg6 11. Qb5 Rb8 12. Nd4 O-O 13. Nxc6 bxc6 14. Qa5
c5 15. O-O Be4 16. Qa4 Qe8 17. Qd1 Qc6 18. f3 Bg6 19. Qd5 Qxd5 20. cxd5 Bf6 21.
a4 Rfe8 22. Bb5 Re7 23. Kf2 Bc2 24. Ra3 h5 25. g3 g6 26. Re1 Rxe1 27. Kxe1 Bf5
28. g4 hxg4 29. hxg4 Bc8 30. Kd1 Bb7 31. Bc4 Ba8 32. Rb3 Rxb3 33. Bxb3 33... c6
{ } 34. c4 Kf8 35. Kc2 Ke7 36. Kd3 Bb7 37. a5 cxd5 38. cxd5 Bd4 39. Bc4 Bc8 40.
b4 Bf2 41. b5 Be1 42. Bd2 Bxd2 43. Kxd2 Kd8 44. Ke3 f6 45. Bd3 g5 46. Kd2 Kc7
47. Kc3 Bd7 48. Kc4 Be8 49. Be2 Bf7 50. Bd3 Be8 51. Bf5 Bf7 52. Bc2 Kb7 53. Bb3
Bg6 54. Kc3 Be8 55. Bc4 Bg6 56. Kd2 Kc7 57. Ke3 Bh7 58. f4 Kb7 59. Kf3 Kc7
1/2-1/2

[Event "Graz op A"]
[Site "Graz"]
[Date "2001.09.05"]
[Round "5.17"]
[White "Wittmann, Walter"]
[Black "Holzbauer, Johann"]
[Result "1/2-1/2"]
[WhiteElo "2352"]
[BlackElo "2152"]
[PlyCount "74"]


1. e4 c6 2. d4 d5 3. Nd2 dxe4 4. Nxe4 Nf6 5. Nxf6+ exf6 6. Bc4 Qe7+ 7. Qe2 Be6
8. Bd3 c5 9. dxc5 Qxc5 10. Nf3 Nc6 11. Be3 Qa5+ 12. c3 Bd6 13. Nd2 f5 14. Nc4
Bxc4 15. Bxc4 O-O 16. O-O Ne5 17. Bd4 Qc7 18. Bb3 Nc6 19. h3 Nxd4 20. cxd4 Rfe8
21. Qb5 g6 22. Rfe1 Rxe1+ 23. Rxe1 a6 24. Qe2 Bb4 25. Rd1 Rc8 26. g3 Qe7 27.
Qf3 b5 28. h4 h5 29. a4 bxa4 30. Bxa4 Qe4 31. Kg2 Kf8 32. Bb3 Qxf3+ 33. Kxf3 a5
34. Ba4 Rc7 35. Ke3 Re7+ 36. Kf3 Rc7 37. Ke3 Re7+ 1/2-1/2

[Event "Graz op A"]
[Site "Graz"]
[Date "2001.09.05"]
[Round "5.18"]
[White "Titz, Heimo"]
[Black "Wieser, Andreas"]
[Result "1-0"]
[WhiteElo "2282"]
[BlackElo "2156"]
[PlyCount "45"]


1. c4 c6 2. e4 d5 3. exd5 cxd5 4. d4 Nf6 5. Nc3 Nc6 6. Nf3 Bg4 7. cxd5 Nxd5 8.
Qb3 Nb6 9. d5 Bxf3 10. gxf3 Nd4 11. Qd1 e5 12. dxe6 Qf6 13. exf7+ Kxf7 14. Bg2
Re8+ 15. Ne4 Bb4+ 16. Kf1 Qe5 17. Qd3 h6 18. a3 Bd6 19. Be3 Nf5 20. Qb3+ Kg6
21. Rd1 Re6 22. Bh3 22... Be7 { } 23. Bf4 1-0

[Event "Graz op A"]
[Site "Graz"]
[Date "2001.09.05"]
[Round "5.19"]
[White "Pesorda, Ivan"]
[Black "Neubauer, Anton"]
[Result "1-0"]
[WhiteElo "2248"]
[BlackElo "2148"]
[PlyCount "75"]


1. d4 d5 2. c4 e6 3. Nc3 Bb4 4. Nf3 Nf6 5. Qa4+ Nc6 6. Bg5 Bxc3+ 7. bxc3 O-O 8.
e3 h6 9. Bh4 Bd7 10. Qa3 dxc4 11. Bxc4 a6 12. Bd3 Re8 13. e4 Ne7 14. Bxf6 gxf6
15. h4 Bc6 16. Qc1 Kg7 17. Qf4 Rh8 18. Rd1 Ng6 19. Qg3 h5 20. e5 f5 21. Ng5 Qe7
22. O-O Rad8 23. Rfe1 Rhg8 24. Rd2 Kh6 25. f4 Bb5 26. c4 Qb4 27. Red1 Be8 28.
Be2 28... Rh8 { } 29. Nxe6 fxe6 30. Qg5+ Kh7 31. Qxd8 Ba4 32. Qxc7+ Kh6 33. a3
Qxa3 34. Rd3 Qb2 35. R1d2 Qc1+ 36. Kh2 Bc2 37. Rg3 Qxd2 38. Qf7 1-0

[Event "Graz op A"]
[Site "Graz"]
[Date "2001.09.05"]
[Round "5.20"]
[White "Ferrari, Josef"]
[Black "Stuhlik, Marko"]
[Result "0-1"]
[WhiteElo "2141"]
[BlackElo "2246"]
[PlyCount "90"]


1. e4 g6 2. d4 Bg7 3. c4 d6 4. Nc3 Nd7 5. f3 e5 6. d5 f5 7. Bd3 f4 8. Nge2 Ngf6
9. Qc2 Nh5 10. Nd1 O-O 11. Bd2 a5 12. Nf2 Qh4 13. O-O Nc5 14. Be1 Qe7 15. b3
Bf6 16. Bc3 Rf7 17. a3 a4 18. Nc1 axb3 19. Nxb3 Na4 20. Bb4 b6 21. Bd2 Bd7 22.
Rfb1 Bh4 23. Be1 Rg7 24. Rc1 g5 25. Ng4 Bxg4 26. fxg4 Bxe1 27. Rxe1 Nf6 28. Be2
h5 29. h3 Qd7 30. gxh5 { } 30... g4 31. hxg4 Nxg4 32. Bf3 Qf7 33. h6 Rg5 34.
Bxg4 Rxg4 35. Kf2 Qg6 36. h7+ Kxh7 37. Rh1+ Kg7 38. Rag1 Rg3 39. Rh3 Kf6 40.
Nc1 Rg8 41. Rxg3 Qxg3+ 42. Kf1 Nc5 43. Ne2 Qe3 44. Nc3 Rg3 45. Nb5 Nd3 0-1